| 000 -LEADER |
| fixed length control field |
03023cam a22004574a 4500 |
| 001 - CONTROL NUMBER |
| control field |
64589080 |
| 003 - CONTROL NUMBER IDENTIFIER |
| control field |
OCoLC |
| 005 - DATE AND TIME OF LATEST TRANSACTION |
| control field |
20210411105655.0 |
| 008 - FIXED-LENGTH DATA ELEMENTS--GENERAL INFORMATION |
| fixed length control field |
060306s2007 paua 001 0 eng |
| 010 ## - LIBRARY OF CONGRESS CONTROL NUMBER |
| LC control number |
2006007932 |
| 016 7# - NATIONAL BIBLIOGRAPHIC AGENCY CONTROL NUMBER |
| Record control number |
101270598 |
| Source |
DNLM |
| 020 ## - INTERNATIONAL STANDARD BOOK NUMBER |
| International Standard Book Number |
0781760321 |
| 024 3# - OTHER STANDARD IDENTIFIER |
| Standard number or code |
9780781760324 |
| 040 ## - CATALOGING SOURCE |
| Original cataloging agency |
DNLM/DLC |
| Transcribing agency |
DLC |
| Modifying agency |
NLM |
| -- |
BAKER |
| -- |
C#P |
| 042 ## - AUTHENTICATION CODE |
| Authentication code |
pcc |
| 049 ## - LOCAL HOLDINGS (OCLC) |
| Holding library |
YYEA |
| 080 ## - UNIVERSAL DECIMAL CLASSIFICATION NUMBER |
| Universal Decimal Classification number |
616-093 |
| Item number |
H-40 |
| 096 ## - LOCALLY ASSIGNED NLM-TYPE CALL NUMBER (OCLC) |
| Classification number |
QW 18.2 H396h 2007 |
| 100 1# - MAIN ENTRY--PERSONAL NAME |
| Personal name |
Hawley, Louise B. |
| 245 10 - TITLE STATEMENT |
| Title |
High-yield microbiology and infectious diseases / |
| Statement of responsibility, etc. |
Louise Hawley. |
| 250 ## - EDITION STATEMENT |
| Edition statement |
2nd ed. |
| 260 ## - PUBLICATION, DISTRIBUTION, ETC. |
| Place of publication, distribution, etc. |
Philadelphia : |
| Name of publisher, distributor, etc. |
Lippincott Williams & Wilkins, |
| Date of publication, distribution, etc. |
c2007. |
| 300 ## - PHYSICAL DESCRIPTION |
| Extent |
xiv, 226 p. : |
| Other physical details |
ill. ; |
| Dimensions |
26 cm. |
| 365 ## - TRADE PRICE |
| Price amount |
8.24 usd |
| 440 #0 - SERIES STATEMENT/ADDED ENTRY--TITLE |
| Title |
High-yield series. |
| 504 ## - BIBLIOGRAPHY, ETC. NOTE |
| Bibliography, etc. note |
Includes index. |
| 505 0# - FORMATTED CONTENTS NOTE |
| Formatted contents note |
From prions to parasites -- Bacterial structure -- Bacterial metabolism and growth -- Bacterial pathogenicity -- Bacterial genetics -- Antibiotics and drug resistance -- Identification of major bacterial groups -- Gram-positive cocci -- Gram-positive bacilli -- Mycoplasmas -- Gram-negative cocci -- Gram-negative aerobic bacilli -- Gram-negative microaerophilic curved bacteria -- Gram-negative facultative anaerobic bacilli-family Enterobacteriaceae -- Gram-negative facultative anaerobic bacilli : non-Enterobacteriaceae -- Gram-negative anaerobic bacilli and cocci -- Spirochetes (gram-negative envelope) -- Rickettsiaceae and relatives -- Chlamydiae -- Viral basics -- DNA viruses -- Positive (+) RNA viruses -- Negative (-) single-stranded RNA viruses -- Double-stranded RNA viruses : family Reoviridae -- Viral genetics -- |
| 505 0# - FORMATTED CONTENTS NOTE |
| Formatted contents note |
Fungal basics -- Fungi that cause skin and subcutaneous infections -- Systemic fungal pathogens -- Opportunistic fungi -- Parasite basics -- Protozoan parasites -- Trematodes (flukes) -- Cestodes (tapeworms) -- Nematodes (roundworms) -- Eye and ear infections -- Respiratory tract infections -- Nervous system infections -- Gastrointestinal and hepatobiliary disease -- Cardiovascular infections; septicemias; and blood cell changes in infection, bone or joint infections -- Genitourinary tract infections -- Cancers associated with infections -- Skin and subcutaneous infections and rashes -- High-yield microbial clues and comparisons -- High-yield case setups. |
| 590 ## - LOCAL NOTE (RLIN) |
| Local note |
c.1 10009000 Ritt 7/26/06 $26.00. |
| 650 #2 - SUBJECT ADDED ENTRY--TOPICAL TERM |
| Topical term or geographic name entry element |
Gram-Negative Bacteria |
| General subdivision |
pathogenicity |
| Form subdivision |
Examination Questions. |
| 650 #0 - SUBJECT ADDED ENTRY--TOPICAL TERM |
| Topical term or geographic name entry element |
Microbiology |
| 9 (RLIN) |
99 |
| 650 #2 - SUBJECT ADDED ENTRY--TOPICAL TERM |
| Topical term or geographic name entry element |
Communicable Diseases |
| General subdivision |
microbiology |
| Form subdivision |
Examination Questions. |
| 650 #2 - SUBJECT ADDED ENTRY--TOPICAL TERM |
| Topical term or geographic name entry element |
Fungi |
| General subdivision |
pathogenicity |
| Form subdivision |
Examination Questions. |
| 650 #2 - SUBJECT ADDED ENTRY--TOPICAL TERM |
| Topical term or geographic name entry element |
Gram-Positive Bacteria |
| General subdivision |
pathogenicity |
| Form subdivision |
Examination Questions. |
| 650 #2 - SUBJECT ADDED ENTRY--TOPICAL TERM |
| Topical term or geographic name entry element |
Parasites |
| General subdivision |
pathogenicity |
| Form subdivision |
Examination Questions. |
| 650 #2 - SUBJECT ADDED ENTRY--TOPICAL TERM |
| Topical term or geographic name entry element |
Viruses |
| General subdivision |
pathogenicity |
| Form subdivision |
Examination Questions. |
| 653 ## - INDEX TERM--UNCONTROLLED |
| Uncontrolled term |
მიკრობიოლოგია |
| 653 ## - INDEX TERM--UNCONTROLLED |
| Uncontrolled term |
გადამდები დაავადებები |
| 653 ## - INDEX TERM--UNCONTROLLED |
| Uncontrolled term |
ვირუსები |
| 942 ## - ADDED ENTRY ELEMENTS (KOHA) |
| Source of classification or shelving scheme |
|
| Koha item type |
Books |
| Edition |
2 |